000 00525nam a2200193 a 4500
001 BRCA_6219
005 20190320205356.0
008 180711s1921----gw-a######---#000-0#ger-#
041 _ager
044 _agw
050 4 _aSK251
_b.S38 1921
245 1 0 _aAuf Grosstierfang für hagenbeck
_cChr. Schulz.
260 _aDresden, Alemania
_bDeutschen Buchwerkstatten
_c1921
300 _a184 p.
_bil. (algunas a color), fotografías, mapas
_c23 cm.
500 _aK79
650 1 4 _aCaza
_915632
902 _aGFM
942 _2lcc
_cB
999 _c5906
_d5906